000 00759nam a2200217Ia 4500
005 20241129110215.0
008 241129s9999||||xx |||||||||||||| ||und||
020 _a978-93-93580-82-5
037 _aTB
040 _aARTS
_bhin
_cARTS
041 _ahin
_2hin
084 _aY15:351 152R2
_qARTS
100 _aचौधरी, विपिन, ले.
245 0 _aम्हारी बात: स्त्री संसार का अवलोकन
_cचौधरी, विपिन, ले.
260 _aदिल्ली, भारत
_bअनुज्ञा बुक्स
_c2022
300 _a224पृ0
365 _aINR
_b750
650 _aSociologyWomen
_9726364
942 _cTB
_hY15:351 152R2
999 _c1227720
_d1227720